000 00790nab a2200241 u 4500
001 18099
003 HDC
007 cr bn ---aaaaa
008 210225c20120101xx dr|noo 0 a eng d
040 _aHDC
245 0 _aUK: MPs and peers reject demands to serve Halal meet at Westminster
260 _a[No place] :
_b[publisher not identified],
_c2012
336 _atext
_2rdacontent
337 _acomputer
_2rdamedia
338 _aonline resource
_2rdacarrier
650 _aHalal food
_950
650 _aHalal meat
_91025
710 _aHalal Focus
856 _zRequest full-text at [email protected]
942 _2lcc
942 _cNEWS
942 _kNWSO 006015
999 _c15415
_d15415